Former Portuguese Colonies in Order of Independence - Statistics

General Stats
  • This quiz has been taken 32 times
    24 since last reset
  • The average score is 6 of 7
Answer Stats
Hint Answer % Correct
September 7, 1822 Brazil
100%
July 5, 1975 Cabo Verde
85%
September 24, 1973 Guinea-Bissau
85%
November 11, 1975 Angola
80%
June 25, 1975 Mozambique
75%
July 12, 1975 São Tomé and Principe
70%
November 28, 1975 Timor Leste
70%
No matching quizzes found
Score Distribution
Percent of People with Each Score
Percentile by Number Answered
Your Score History
You have not taken this quiz since the last reset